Communication coordination in the IoT environment

Salvato in:
Dettagli Bibliografici
Autore principale: Neilinger, Mátyás (Autore)
Altri autori: Zemko, Ladislav (Relatore della tesi)
Natura: Manoscritto Libro
Lingua:slovacco
inglese
Pubblicazione: 2023
Soggetti:
Accesso online:http://is.stuba.sk/zp/portal_zp.pl?podrobnosti=162712
Tags: Aggiungi Tag
Nessun Tag, puoi essere il primo ad aggiungerne!!

MARC

LEADER 00000ntm a22000003a 4500
001 stuzp92474
003 SK-STU
005 20230909213304.8
007 ta
008 150427s2015----xo-----f-mn---000-0-slo-d
040 |a STU  |b slo 
041 0 |a eng 
100 1 |a Neilinger, Mátyás  |u 070400  |4 aut  |U FIIT Fakulta informatiky a informačných technológií  |T FIIT Ústav počítačového inžinierstva a aplikovanej informatiky  |X 110858  |U I400  |Y 672  |7 110858 
242 0 1 |a Koordinácia komunikácie v prostredí Internetu vecí  |y slo 
245 1 0 |a Communication coordination in the IoT environment 
260 |c 2023 
650 4 |a Internet vecí  |2 slo 
650 4 |a LoRaWAN  |2 slo 
650 4 |a Centralizované plánovanie komunikácie  |2 slo 
650 4 |a Internet of Things  |2 eng 
650 4 |a LoRaWAN  |2 eng 
650 4 |a Centralized communication planning  |2 eng 
700 1 |a Zemko, Ladislav  |u 070400  |k Z3  |4 ths  |U FIIT Fakulta informatiky a informačných technológií  |T FIIT Ústav počítačového inžinierstva a aplikovanej informatiky  |X 79823  |U I400  |Y 672  |7 79823 
856 4 |u http://is.stuba.sk/zp/portal_zp.pl?podrobnosti=162712